00758nam a22002177a 450000500170000001000150001702000120003203500140004403700090005808200110006724500570007824600060013526000550014127000340019630000280023065000330025865000450029194200250033699900190036195201600038020250127165124.0 aENG-143619 c2000.00 aEN-127151 bDBAD a932.37 aExploring the British Isles:bThe Magic of Cornwall/ b  aLondon bThe Reader's Digest Associations c[s.n.] bLondon a25, Berkeley square  a176p. :c28cm(Hb)bill. aYers books -- Digest 977160 aWorld information -- Digest book 977161 2ddccENh932.37mMAG c208817d208817 001040718REFaDBADbDBADd2025-01-27eDelivery of Books Act Divisiong2000.00l0o932.37 MAGpEN-127151r2025-01-27 00:00:00t1v2000.00w2025-01-27yEN